Le Cocu magnifique (Record no. 50143)

MARC details
000 -LEADER
campo de control de longitud fija 00592nam a2200169 i 4500
001 - NÚMERO DE CONTROL
campo de control 50143
003 - IDENTIFICADOR DE NÚMERO DE CONTROL
campo de control ES-MaACL
005 - FECHA Y HORA DE LA ÚLTIMA TRANSACCIÓN
campo de control 20230906162130.0
007 - CAMPO FIJO DE DESCRIPCIÓN FÍSICA--INFORMACIÓN GENERAL
campo de control de longitud fija t|
008 - DATOS DE LONGITUD FIJA--INFORMACIÓN GENERAL
campo de control de longitud fija 030731s1931 fr ||||1| fre d
100 1# - ENTRADA PRINCIPAL--NOMBRE DE PERSONA
Nombre de persona Crommelynck, Fernand.
9 (RLIN) 41686
245 13 - MENCIÓN DEL TÍTULO
Título Le Cocu magnifique
Resto del título : pièce en trois actes ; Le sculpteur de masques : symbole tragique en un acte /
Mención de responsabilidad, etc. Fernand Crommelynck.
260 ## - PUBLICACIÓN, DISTRIBUCIÓN, ETC.
Lugar de publicación, distribución, etc. Paris :
Nombre del editor, distribuidor, etc. Ed. Emile-Paul Frères,
Fecha de publicación, distribución, etc. 1931 (
Lugar de fabricación/manufactura Paris :
Fabricante Chaix)
300 ## - DESCRIPCIÓN FÍSICA
Extensión 251 p. ;
Dimensiones 19 cm.
740 3# - ENTRADA AGREGADA--TÍTULO RELACIONADO/ANALÍTICO NO CONTROLADO
Título relacionado o analítico no controlado Le sculpteur de masques: symbole tragique en un acte.
852 ## - LOCALIZACIÓN
Ubicación ES-MaACL
Número de control de estantería A-3347
Holdings
Estatus retirado Estado de pérdida Estado de daño No para préstamo Biblioteca de origen Biblioteca actual Ubicación en estantería Fecha de adquisición Fuente de adquisición Total de préstamos Signatura topográfica completa Código de barras Visto por última vez Precio de reemplazo Tipo de ítem Koha
        Biblioteca del Ateneo de Madrid Biblioteca del Ateneo de Madrid Sala Pecera Planta 1 17/01/2008     A-3347 1052747 23/02/2023 23/02/2023 Libro impreso